Predčasné ukončenie finančného prenájmu z pohľadu dane z príjmov

Jedným zo spôsobov nadobudnutia majetku je lízing, t.j. finančný prenájom majetku s právom kúpy prenajatej veci. Vymedzenie pojmu finančný prenájom pre daňové účely.

Gespeichert in:
Bibliographische Detailangaben
1. Verfasser: Brnová, Miroslava
Format: Buchkapitel
Sprache:Slowakisch
Schlagworte:
Tags: Tag hinzufügen
Keine Tags, Fügen Sie das erste Tag hinzu!

MARC

LEADER 00000naa a2200000 4500
001 0243059
005 20221104111124.6
041 0 |a slo 
044 |a SK 
245 1 0 |a Predčasné ukončenie finančného prenájmu z pohľadu dane z príjmov  |c Miroslava Brnová 
520 |a Jedným zo spôsobov nadobudnutia majetku je lízing, t.j. finančný prenájom majetku s právom kúpy prenajatej veci. Vymedzenie pojmu finančný prenájom pre daňové účely. 
610 2 0 |a lízing finančný 
610 2 0 |a pojmy 
610 2 0 |a dane z príjmov 
610 2 0 |a prenájom zmluvný 
610 2 0 |a daňovníci 
100 1 |a Brnová, Miroslava